ARRUPE JESUIT UNIVERSITY

CORONAVIRUS -STOP THE SPREAD - CLEAN,DISINFECT,COVER

Letting God free us (Record no. 119547)

MARC details
000 -LEADER
fixed length control field 00455nam a22001337a 4500
008 - FIXED-LENGTH DATA ELEMENTS--GENERAL INFORMATION
fixed length control field 140113b xxu||||| |||| 00| 0 eng d
050 ## - LIBRARY OF CONGRESS CALL NUMBER
Classification number BX2179.L8M3713 1993
100 ## - MAIN ENTRY--PERSONAL NAME
Personal name Martini, Carlo Maria
9 (RLIN) 6591
245 ## - TITLE STATEMENT
Title Letting God free us
Remainder of title meditations on Ignatian spiritual exercises
Statement of responsibility, etc Carlo Maria Martini
260 ## - PUBLICATION, DISTRIBUTION, ETC. (IMPRINT)
Place of publication, distribution, etc New York
Name of publisher, distributor, etc New City Press
Date of publication, distribution, etc 1993
300 ## - PHYSICAL DESCRIPTION
Extent 128p. ;
Dimensions 22cm
650 ## - SUBJECT ADDED ENTRY--TOPICAL TERM
Topical term or geographic name as entry element Spiritual retreats for clergy
9 (RLIN) 6592
942 ## - ADDED ENTRY ELEMENTS (KOHA)
Source of classification or shelving scheme Library of Congress Classification
Item type Monograph ( Printed materials)
Koha issues (borrowed), all copies 1
Holdings
Withdrawn status Lost status Source of classification or shelving scheme Damaged status Not for loan Home library Current library Date acquired Total Checkouts Full call number Barcode Date last seen Date last borrowed Price effective from Koha item type
    Library of Congress Classification     ARRUPE LIBRARY ARRUPE LIBRARY 13/01/2014 3 BX2179.L8M3713 1993 46410961 29/03/2018 21/03/2018 13/01/2014 Monograph ( Printed materials)

 

Arrupe Library. PO Box MP320 Mt Pleasant, Harare, Zimbabwe
263 242 745411|librarian@aju.ac.zw